| LEADER |
01212nam0a2200205 450 |
| 001 |
16812712 |
| 010 |
|
|
|a 978-2-02-104628-1
|b Cart.
|d 13,5
|
| 100 |
|
|
|a 20111122d2011 u u0frey01 ba
|
| 101 |
1 |
|
|a fre
|c ita
|
| 102 |
|
|
|a FR
|
| 200 |
0 |
|
|a chemin qui ne mène nulle part (Le)
|f Gianni Rodari
|g illustrations Fulvio Testa - traduit de l'italien par Faustina Fiore - illustrations Fulvio Testa - traduit de l'italien par Faustina Fiore
|
| 207 |
|
1 |
|a
|
| 215 |
|
|
|a 1 vol. (28 p.)
|c illustrations en couleur
|d 34 cm
|
| 330 |
|
|
|a A la sortie du village de Martino, il y a trois routes. L'une mène vers la mer, une autre vers la ville et la troisième, jamais empruntée, ne mène nulle part. Le curieux Martino décide de s'y aventurer. Après avoir traversé une sombre forêt, il se retrouve devant la grille d'un somptueux château. Une très belle dame lui offre quantité de trésors. Un conte sur l'audace et les richesses du voyage.
|
| 700 |
|
0 |
|a Rodari
|b Gianni
|f 1920-1980
|4 70
|
| 701 |
|
0 |
|a Testa
|b Fulvio
|4 440
|
| 702 |
|
0 |
|a Fiore
|b Faustina
|f 1976-....
|4 730
|
| 900 |
|
|
|a Conte
|
| 901 |
|
|
|a Accessible au prêt
|
| 995 |
|
|
|a Bibliothèque
|c Bibliothèque
|f 00156008138844
|h 00156008138844
|k C ROD
|o p
|q j
|r az
|e Bibliothèque
|